000 00586nam a2200241Ia 4500
003 OSt
005 20221005130703.0
006 a|||||r|||| 00| 0
007 ta
008 221004b |||||||| |||| 00| 0 mal d
024 _a54633
037 _cTextual
040 _aCRL
_cCRL
_bmal
041 _2mal
_amal
082 _aO32:gN5, J8
100 _aVarrier
_9638486
245 0 _aSahitya radhanam
260 _c1958
300 _a121p.
_ccm.
650 _aMALAYALAM LITERATURE
_938866
942 _hO32:gN5, J8
_cTEXL
_2cc
999 _c1058048
_d1058048